000 00395nam a2200133Ia 4500
008 220217s9999||||xx |||||||||||||| ||und||
020 _a9789386668455
082 _a421
100 _aKumar, Rajesh., Thimmesha, L and Venkateswaran, S
245 0 _aEnglish language communication skills
260 _aCengage learning
_bNew Delhi
_c2019
300 _aXVIII, 299p.
_b250
650 _aPlacement
999 _c188882
_d188882